000 00319nam a22001337a 4500
008 171027b xxu||||| |||| 00| 0 eng d
020 _a2901931629057
041 _aeng
080 _23 ED
_a336
100 _a56
101 _aFIN
245 _aPERSONAL FINANCIAL PLANNING PRACTICE
_cDALTON.M.A
942 _2udc
_cBK
999 _c36131
_d36131